000 00372nam a22001217a 4500
040 _cRUA
082 _aA212 ប្រាជ្ញ 2017 C160 Or.1
100 _aប្រាជ្ញ វិជ័យ
245 _aទស្សនៈទម្លុះជីវិត
260 _aPHNOM PENH
_bRUA
_c2017
300 _a168p.
_bill.
_c22cm.
942 _cអភិវឌ្ឍន៍
999 _c25668
_d25668